000 00561nam a22001697a 4500
003 OSt
005 20260302103024.0
008 260302b |||||||| |||| 00| 0 eng d
040 _cMRSPTU
041 _aEnglish
100 _aAbishak Singla, Supervisor: Dr. Manjeet Bansal
245 _aCombined Effect of Steel Fibers and Rice Husk ASH on Mechanical Properties of Concrete
260 _bDepartment of Civil Engg. MRSPTU, Bathinda
_c2016
650 _aCivil Engineering
856 _uhttp://163.47.215.52:8080/jspui/handle/123456789/234
942 _2ddc
_cTH
_n0
999 _c11030
_d11030